Catálogo
 En Linea

Panegiricos, semblanzas, prólogos / (Registro nro. 37987)

Detalles MARC
000 -CABECERA
campo de control de longitud fija 00635nam a2200181 a 4500
001 - NÚMERO DE CONTROL
campo de control 000038497
005 - FECHA Y HORA DE LA ÚLTIMA TRANSACCIÓN
campo de control 20240229073944.0
008 - DATOS DE LONGITUD FIJA--INFORMACIÓN GENERAL
campo de control de longitud fija 130412s1988 dr r 000 0 spa d
040 ## - FUENTE DE LA CATALOGACIÓN
Centro catalogador/agencia de origen DO-SdBNP
Lengua de catalogación spa
Centro/agencia transcriptor BNPHU
082 ## - NÚMERO DE LA CLASIFICACIÓN DECIMAL DEWEY
Número de clasificación xxxx
Número de documento/Ítem G615p
100 1# - ENTRADA PRINCIPAL--NOMBRE DE PERSONA
Nombre de persona Goico Castro, Manuel de Jesús
9 (RLIN) 23255
245 10 - MENCIÓN DE TÍTULO
Título Panegiricos, semblanzas, prólogos /
Mención de responsabilidad, etc. Manuel de Jesús Goico Castro ; edición José Chez Checo.
260 ## - PUBLICACIÓN, DISTRIBUCIÓN, ETC.
Lugar de publicación, distribución, etc. Santo Domingo :
Nombre del editor, distribuidor, etc. Fundación García Arévalo ,
Fecha de publicación, distribución, etc. 1988.
300 ## - DESCRIPCIÓN FÍSICA
Extensión 184 p. : ;
Dimensiones 23 cm.
490 1# - MENCIÓN DE SERIE
Mención de serie Serie monográfica
Designación de volumen o secuencia 23
700 1# - PUNTO DE ACCESO ADICIONAL--NOMBRE DE PERSONA
Nombre de persona Chez Checo, José,
Fechas asociadas al nombre 1949-
Término indicativo de función/relación ed.
9 (RLIN) 10145
830 #0 - PUNTO DE ACCESO ADICIONAL DE SERIE-TÍTULO UNIFORME
Título uniforme Serie monográfica
Número de parte o sección de la obra 23
9 (RLIN) 64849
Existencias
Estado de retiro Estado de pérdida No para préstamo Código de colección Localización permanente Ubicación/localización actual Ubicación en estantería Fecha de adquisición Número de inventario Total de préstamos Signatura topográfica completa Código de barras Fecha visto por última vez Precio válido a partir de Tipo de ítem Koha Número de copia
    Excluido de préstamo Patrimonio Dominicano Patrimonio Dominicano Patrimonio Dominicano Depósito 12.04.2013 LF1   xxxx G615p 38497-10 25.06.2020 25.06.2020 Libro y Folleto Colección Patrimonio Dominicano  
    Excluido de préstamo Patrimonio Dominicano Patrimonio Dominicano Patrimonio Dominicano Depósito 21.06.2019 LF1   xxxx G615p 38497-20 25.06.2020 25.06.2020 Libro y Folleto Colección Patrimonio Dominicano e. 2

Con tecnología Koha